Призмы поверочные и разметочные с одной призматической выемкой и накладкой. Методика контроля; Рекомендация. МИ 2029-89

Dades bibliogràfiques
Autor corporatiu: Всесоюзный научно-исследовательский и конструкторский институт средств измерения в машиностроении (ВНИИизмерения)
Idioma:rus
Publicat: Москва, Изд-во стандартов, 1990
Edició:Изд. офиц.
Matèries:
Format: MixedMaterials Llibre
KOHA link:https://koha.lib.tpu.ru/cgi-bin/koha/opac-detail.pl?biblionumber=139493

MARC

LEADER 00000nam0a2200000 4500
001 139493
005 20231031141750.0
029 1 0 |a RU  |b 2029-89  |c МИ 
035 |a (RuTPU)RU\TPU\book\151119 
035 |a RU\TPU\book\150917 
090 |a 139493 
100 |a 20080608d1990 k a0rusy50 ca 
101 0 |a rus 
102 |a RU 
105 |a a l 000zy 
200 1 |a Призмы поверочные и разметочные с одной призматической выемкой и накладкой. Методика контроля  |a Рекомендация. МИ 2029-89  |f Всесоюзный научно-исследовательский и конструкторский институт средств измерения в машиностроении (ВНИИизмерения) 
205 |a Изд. офиц. 
210 |a Москва  |c Изд-во стандартов  |d 1990 
215 |a 7 с.  |c ил. 
229 |a Утверждена ВНИИизмерения  |a Взамен ГОСТ 8.282-78 
610 1 |a МИ 
610 1 |a методика 
610 1 |a поверки 
610 1 |a призмы 
610 1 |a поверочные призмы 
610 1 |a контроль 
675 |a 621.75(083)  |v 3 
712 0 2 |a Всесоюзный научно-исследовательский и конструкторский институт средств измерения в машиностроении (ВНИИизмерения)  |2 stltpush  |3 (RuTPU)RU\TPU\col\13388 
801 1 |a RU  |b 63413507  |c 20080530  |g PSBO 
801 2 |a RU  |b 63413507  |c 20221207  |g PSBO 
942 |c BK